| 000 | 00551nas a2200181 4500 | ||
|---|---|---|---|
| 001 | 000037092 | ||
| 005 | 20200930080132.0 | ||
| 008 | 120213c19799999dr r1p dd 0 0spa d | ||
| 040 |
_aDO-SdBNP _bspa _cBNPHU |
||
| 043 | _anwdr | ||
| 245 | 0 | 0 | _aBoletín de la Comisión Nacional Dominicana de de la UNESCO. |
| 260 |
_aSanto Domingo : _bUNESCO. |
||
| 300 |
_av. : _bil., retrs. ; _c22 cm. |
||
| 310 | _a[Mensual ] | ||
| 362 | 1 | _aAño 10. no. 14 | |
| 500 | _aIncluye notas al pie de las páginas | ||
| 500 | _aCatalogación basada en el Año 10. no. 14 | ||
| 999 |
_c36582 _d36582 |
||